|
|
|
|
| LEADER |
00000nab a2200000 a 4500 |
| 001 |
vtls001488453 |
| 003 |
SK-MaSNL |
| 005 |
20260426070930.0 |
| 008 |
050113c20041213xo dr|n|||||||000 b|slo |
| 015 |
|
|
|a SNBR2005/1
|2 snkbucl
|
| 040 |
|
|
|a SNKBUCL
|b slo
|c SK
|e AACR2
|
| 041 |
0 |
|
|a slo
|
| 044 |
|
|
|a xo
|c SK
|
| 080 |
|
|
|a 323.113
|x (437.6)
|x (=511.141)
|2 UDC-MRF-SK2
|
| 080 |
|
|
|a 329.4
|x (437.6)
|x (=511.141)
|x SMK
|2 UDC-MRF-SK2
|
| 100 |
1 |
|
|a Forgács, Daniel
|4 ivr
|4 aut
|9 585619
|
| 245 |
1 |
0 |
|a Ak by sme získali autonómiu, SMK sa určite rozpadne
|b s poslancom SMK Miklósom Durayom
|c [zhovárali sa] Daniel Forgács, Martin Čambalik
|
| 300 |
|
|
|b Fotogr.
|
| 610 |
2 |
7 |
|a Strana maďarskej koalície - Magyar Koalíció Pártja
|2 snkbucl
|9 229268
|
| 650 |
0 |
7 |
|a Maďari
|2 snkbucl
|9 18097
|
| 650 |
0 |
7 |
|a národnostné menšiny
|2 snkbucl
|9 2669
|
| 651 |
|
7 |
|a Slovensko
|2 snkbucl
|9 14231
|
| 655 |
|
7 |
|a rozhovory
|2 snkbucl
|9 31831
|
| 700 |
1 |
|
|a Čambalik, Martin
|4 ivr
|4 aut
|9 268232
|
| 700 |
1 |
|
|a Duray, Miklós,
|d 1945-2022
|4 ive
|4 aut
|9 100740
|
| 773 |
0 |
|
|t Národná obroda
|g Roč. XV, č. 287 (13.12.2004), s. 1 a 5
|x 1335-4671
|
| 852 |
|
|
|a SNK
|b KIS3GCP
|
| 958 |
|
|
|a HU
|
| 999 |
|
|
|c 2672739
|d 2674669
|